01318nam a22003374a 4500001001200000003000800012006001900020007001500039008004100054010001700095020003500112040002100147035002000168050002500188082001800213245013200231260004300363300001500406490003900421504004100460533015200501650002100653650002400674650002600698655002900724700002700753710001700780830004000797856012600837999001700963ebr10039179CaPaEBRm u cr cn|||||||||021025s2003 cou sb 000 0 eng  z 2002152848 z1888570695 (pbk. : alk. paper) aCaPaEBRcCaPaEBR a(OCoLC)5564142114aHQ1190b.S455 2003eb04a305.42/0122100aSiblings under the skinh[electronic resource] :bfeminism, social justice, and analytic philosophy /cedited by Sharyn Clough. aAurora, Colo. :bDavies Group,cc2003. avi, 327 p.1 aCritical studies in the humanities aIncludes bibliographical references. aElectronic reproduction.bPalo Alto, Calif. :cebrary,d2013.nAvailable via World Wide Web.nAccess may be limited to ebrary affiliated libraries. 0aFeminist theory. 0aLogical positivism. 0aAnalysis (Philosophy) 7aElectronic books.2local1 aClough, Sharyn,d1965-2 aebrary, Inc. 0aCritical studies in the humanities.40uhttp://site.ebrary.com/lib/rucke/Doc?id=10039179zAn electronic book accessible through the World Wide Web; click to view c57636d57636